000 nam a22 a 4500
999 _c3725
_d3725
005 20170523160241.0
008 170523s2007 br ||||| |||| 00| 0 eng d
040 _aAKMAL
082 _a352.4485 REP
090 _a352.4485
_bREP
100 0 0 _aAbdull Wahid Sulong
_97368
245 1 0 _aReport Of The Second Meeting Of The ASEAN Customs Capacity Building Working Group (2nd ACCBWG Meeting) /
_cAbdull Wahid Sulong (Ketua Program Kerjasama Antarabangsa, Jabatan Pengajian Luar, AKMAL) dan Wan Mohd Radzi Wan Ahmad (Ketua Program Pengurusan Latihan, AKMAL)
260 _aMelaka :
_bAkademi Kastam Diraja Malaysia.:
_c2007
300 _avarious paging:
_bill.:
_c30cm
650 1 0 _aCustoms Administration
_xLaw and legislation
_96000
700 0 0 _aWan Mohd Radzi Wan Ahmad
_97369
942 _2ddc
_cBOOK
950 _lAKMAL